<?xml version="1.0" encoding="UTF-8"?>
<record
    xmlns:xsi="http://www.w3.org/2001/XMLSchema-instance"
    xsi:schemaLocation="http://www.loc.gov/MARC21/slim http://www.loc.gov/standards/marcxml/schema/MARC21slim.xsd"
    xmlns="http://www.loc.gov/MARC21/slim">

  <leader>01475nam a22002417a 4500</leader>
  <controlfield tag="005">20120125101049.0</controlfield>
  <controlfield tag="008">100209t        xxu||||| |||| 00| 0 hin d</controlfield>
  <datafield tag="020" ind1=" " ind2=" ">
    <subfield code="c">255.00</subfield>
    <subfield code="a"> </subfield>
  </datafield>
  <datafield tag="035" ind1=" " ind2=" ">
    <subfield code="a">B-153595</subfield>
  </datafield>
  <datafield tag="037" ind1=" " ind2=" ">
    <subfield code="a"> </subfield>
    <subfield code="b">UBH/VEN</subfield>
  </datafield>
  <datafield tag="040" ind1=" " ind2=" ">
    <subfield code="a">dpl</subfield>
    <subfield code="b">Hindi </subfield>
  </datafield>
  <datafield tag="082" ind1=" " ind2=" ">
    <subfield code="a">000</subfield>
  </datafield>
  <datafield tag="100" ind1=" " ind2=" ">
    <subfield code="a">&#x91C;&#x948;&#x928;,&#x932;&#x93E;&#x932;</subfield>
    <subfield code="9">40116</subfield>
  </datafield>
  <datafield tag="245" ind1=" " ind2=" ">
    <subfield code="a">&#x909;&#x92A;&#x915;&#x93E;&#x930; &#x930;&#x947;&#x932;&#x935;&#x947; &#x92D;&#x930;&#x94D;&#x924;&#x940; &#x92C;&#x94B;&#x930;&#x94D;&#x921; &#x92A;&#x930;&#x940;&#x915;&#x94D;&#x937;&#x93E;(&#x91F;&#x948;&#x915;&#x94D;&#x928;&#x940;&#x915;&#x932; &#x915;&#x948;&#x921;&#x930;):</subfield>
    <subfield code="b">(&#x921;&#x940;&#x91C;&#x932; &#x92E;&#x948;&#x915;&#x947;&#x928;&#x93F;&#x915;&#x932;, ...&#x906;&#x926;&#x93F; &#x92A;&#x930;&#x940;&#x915;&#x94D;&#x937;&#x93E;&#x913;&#x902; &#x915;&#x947; &#x932;&#x93F;&#x90F;) /</subfield>
    <subfield code="c">&#x932;&#x93E;&#x932;, &#x91C;&#x948;&#x928; &#x90F;&#x935;&#x902; &#x907;&#x902;.&#x92A;&#x940;.&#x915;&#x947;. &#x935;&#x93F;&#x926;&#x94D;&#x92F;&#x93E;&#x930;&#x94D;&#x925;&#x940; </subfield>
  </datafield>
  <datafield tag="260" ind1=" " ind2=" ">
    <subfield code="a">&#x906;&#x917;&#x930;&#x93E;</subfield>
    <subfield code="b">&#x909;&#x92A;&#x915;&#x93E;&#x930; &#x92A;&#x94D;&#x930;&#x915;&#x93E;&#x936;&#x928;</subfield>
    <subfield code="c">2007</subfield>
  </datafield>
  <datafield tag="270" ind1=" " ind2=" ">
    <subfield code="a">2/11 &#x90F;, &#x938;&#x94D;&#x935;&#x926;&#x947;&#x936;&#x940; &#x92C;&#x940;&#x92E;&#x93E; &#x928;&#x917;&#x930; (&#x936;&#x93E;&#x939; &#x938;&#x93F;&#x928;&#x947;&#x92E;&#x93E; &#x915;&#x947; &#x938;&#x93E;&#x92E;&#x928;&#x947;)</subfield>
    <subfield code="b">&#x906;&#x917;&#x930;&#x93E;</subfield>
    <subfield code="e">282002</subfield>
  </datafield>
  <datafield tag="300" ind1=" " ind2=" ">
    <subfield code="a">&#x935;&#x93F;. &#x92A;&#x943;.</subfield>
    <subfield code="c">24&#x938;&#x947;&#x92E;&#x940;.(&#x905;&#x91C;&#x93F;&#x932;&#x94D;&#x926;) </subfield>
  </datafield>
  <datafield tag="700" ind1=" " ind2=" ">
    <subfield code="a">&#x935;&#x93F;&#x926;&#x94D;&#x92F;&#x93E;&#x930;&#x94D;&#x925;&#x940;, &#x92A;&#x940;.&#x915;&#x947;.</subfield>
    <subfield code="9">40117</subfield>
  </datafield>
  <datafield tag="700" ind1=" " ind2=" ">
    <subfield code="a">&#x907;&#x902;.&#x92A;&#x940;.&#x915;&#x947;. &#x935;&#x93F;&#x926;&#x94D;&#x92F;&#x93E;&#x930;&#x94D;&#x925;&#x940; </subfield>
    <subfield code="9">40118</subfield>
  </datafield>
  <datafield tag="942" ind1=" " ind2=" ">
    <subfield code="2">ddc</subfield>
    <subfield code="c">HN</subfield>
    <subfield code="m">&#x91C;&#x948;&#x928;&#x932;&#x93E;</subfield>
    <subfield code="h">000</subfield>
  </datafield>
  <datafield tag="999" ind1=" " ind2=" ">
    <subfield code="c">61464</subfield>
    <subfield code="d">61464</subfield>
  </datafield>
  <datafield tag="952" ind1=" " ind2=" ">
    <subfield code="0">0</subfield>
    <subfield code="1">0</subfield>
    <subfield code="2">ddc</subfield>
    <subfield code="4">0</subfield>
    <subfield code="7">0</subfield>
    <subfield code="8">NFIC</subfield>
    <subfield code="a">ZLS</subfield>
    <subfield code="b">ZLS</subfield>
    <subfield code="d">2012-01-25</subfield>
    <subfield code="g">255.00</subfield>
    <subfield code="l">0</subfield>
    <subfield code="o">000 &#x91C;&#x948;&#x928;&#x932;&#x93E;</subfield>
    <subfield code="p">B-153595</subfield>
    <subfield code="r">2012-01-25 00:00:00</subfield>
    <subfield code="v">255.00</subfield>
    <subfield code="w">2012-01-25</subfield>
    <subfield code="y">HN</subfield>
  </datafield>
</record>
